Top 100 DJs of 2015 DJMag - Statistics

General Stats
  • This quiz has been taken 67 times
    61 since last reset
  • The average score is 26 of 100
Answer Stats
# Answer % Correct
11 Calvin Harris
83%
7 Avicii
81%
6 David Guetta
81%
3 Martin Garrix
81%
5 Tiësto
75%
9 Skrillex
69%
4 Armin Van Buuren
67%
1 Dimitri Vegas & Like Mike
67%
2 Hardwell
64%
20 Diplo
61%
10 Steve Aoki
61%
8 Afrojack
58%
32 DJ Snake
53%
17 Axwell /\ Ingrosso
47%
54 Major Lazer
47%
25 Deadmau5
44%
98 Galantis
44%
12 Oliver Heldens
44%
13 Alesso
42%
39 Bassjackers
39%
19 Blasterjaxx
39%
16 DVBBS
39%
33 Kygo
39%
28 Deorro
36%
30 Don Diablo
36%
22 Zedd
36%
69 Daft Punk
33%
45 Jack Ü
33%
18 Nicky Romero
33%
80 Quintino
33%
14 W & W
33%
15 Dash Berlin
31%
67 Dillon Francis
31%
63 Carl Cox
28%
27 Dyro
28%
100 Knife Party
28%
23 KSHMR
28%
24 Nervo
28%
21 R3hab
28%
31 Steve Angello
28%
50 Vicetone
28%
74 Borgeous
25%
48 Headhunterz
25%
81 Krewella
25%
43 VINAI
25%
65 Disclosure
22%
36 Ummet Ozcan
22%
78 Will Sparks
22%
29 Above & Beyond
19%
88 Carnage
19%
35 Fedde Le Grand
19%
89 Robin Schulz
19%
37 Showtek
19%
95 Tujamo
19%
42 Aly & Fila
17%
40 Andrew Rayel
17%
38 Angerfist
17%
57 Eric Prydz
17%
61 Kur
17%
64 Laidback Luke
17%
49 Coone
14%
26 Dannic
14%
83 MAKJ
14%
62 tchami
14%
44 Alok
11%
68 Borgore
11%
99 Cosmic Gate
11%
84 Kaskade
11%
96 Mike Candys
11%
90 Sander Van Doorn
11%
53 Brennan Heart
8%
77 Chuckie
8%
86 Flux Pavilion
8%
56 Markus Schulz
8%
91 Marlo
8%
41 Paul van Dyk
8%
55 Porter Robinson
8%
52 Wolfpack
8%
34 Yves V
8%
87 Zatox
8%
82 ATB
6%
79 Da Tweekaz
6%
58 Diego Miranda
6%
85 Ferry Corsten
6%
66 Firebeatz
6%
94 Miss K8
6%
72 Radical Redemption
6%
47 Shogun
6%
71 Tenishia
6%
76 Yellow Claw
6%
92 Andy C
3%
60 Danny Avila
3%
59 DJ Chetas
3%
73 Frontliner
3%
75 Netsky
3%
93 Quentin Mosimann
3%
51 Richie Hawtin
3%
97 Swanky Tunes
3%
46 Tom Swoon
3%
70 Umek
3%
No matching quizzes found
Score Distribution
Percent of People with Each Score
Percentile by Number Answered
Your Score History
You have not taken this quiz since the last reset